<?xml version="1.0" encoding="UTF-8"?>
<record
    xmlns:xsi="http://www.w3.org/2001/XMLSchema-instance"
    xsi:schemaLocation="http://www.loc.gov/MARC21/slim http://www.loc.gov/standards/marcxml/schema/MARC21slim.xsd"
    xmlns="http://www.loc.gov/MARC21/slim">

  <leader>00661nam a22002177a 4500</leader>
  <datafield tag="952" ind1=" " ind2=" ">
    <subfield code="a">0001</subfield>
    <subfield code="b">0001</subfield>
    <subfield code="d">2021-06-21</subfield>
    <subfield code="l">0</subfield>
    <subfield code="o">828.354 G63m 2021</subfield>
    <subfield code="p">019918</subfield>
    <subfield code="r">2021-06-21 00:00:00</subfield>
    <subfield code="w">2021-06-21</subfield>
    <subfield code="x">&#x130;lksat&#x131;r Yay&#x131;nevi Ba&#x11F;&#x131;&#x15F;&#x131;d&#x131;r.</subfield>
    <subfield code="y">BKS</subfield>
  </datafield>
  <datafield tag="999" ind1=" " ind2=" ">
    <subfield code="c">14431</subfield>
    <subfield code="d">14431</subfield>
  </datafield>
  <controlfield tag="003">MIRAKIL</controlfield>
  <controlfield tag="005">20210621162309.0</controlfield>
  <controlfield tag="008">210621b        tu ||||| |||| 00| 0 tur d</controlfield>
  <datafield tag="020" ind1=" " ind2=" ">
    <subfield code="a">9786057017888</subfield>
  </datafield>
  <datafield tag="040" ind1=" " ind2=" ">
    <subfield code="a">TR-AnCHP</subfield>
    <subfield code="b">tur</subfield>
    <subfield code="c">TR-AnCHP</subfield>
  </datafield>
  <datafield tag="041" ind1=" " ind2=" ">
    <subfield code="a">Tur</subfield>
  </datafield>
  <datafield tag="082" ind1=" " ind2=" ">
    <subfield code="a">828.354</subfield>
    <subfield code="b">G63m 2021</subfield>
  </datafield>
  <datafield tag="100" ind1=" " ind2=" ">
    <subfield code="a">Gregory, Robin</subfield>
  </datafield>
  <datafield tag="245" ind1=" " ind2=" ">
    <subfield code="a">Moojie Littleman'in ak&#x131;l almaz mucizeleri/</subfield>
    <subfield code="c">Robin Gregory ; &#xE7;eviren Burcu Erdo&#x11F;an.</subfield>
  </datafield>
  <datafield tag="260" ind1=" " ind2=" ">
    <subfield code="a">&#x130;stanbul</subfield>
    <subfield code="b">&#x130;lksat&#x131;r Yay&#x131;nlar&#x131;,</subfield>
    <subfield code="c">2021.</subfield>
  </datafield>
  <datafield tag="300" ind1=" " ind2=" ">
    <subfield code="a">346 s.:</subfield>
    <subfield code="c">21 sm.</subfield>
  </datafield>
  <datafield tag="490" ind1="0" ind2=" ">
    <subfield code="a">&#x130;lksat&#x131;r Yay&#x131;nevi;</subfield>
    <subfield code="v">18.</subfield>
  </datafield>
  <datafield tag="650" ind1=" " ind2=" ">
    <subfield code="a">Amerikan edebiyat&#x131;</subfield>
    <subfield code="x">Roman</subfield>
  </datafield>
  <datafield tag="700" ind1=" " ind2=" ">
    <subfield code="a">Erdo&#x11F;an, Burcu</subfield>
    <subfield code="9">6716</subfield>
    <subfield code="e">&#xE7;ev.</subfield>
  </datafield>
  <datafield tag="942" ind1=" " ind2=" ">
    <subfield code="2">ddc</subfield>
    <subfield code="c">BKS</subfield>
  </datafield>
</record>
